Вслед подвигам Петровым..: Сборник; Верховники; Квасник и Буженинова; Отечество во всех его пределах: Свидетельства эпохи

Dades bibliogràfiques
Idioma:rus
Publicat: Москва, Молодая гвардия, 1988
TOC:С. Десятсков, Верховники;
Ю. Нагибин, Квасник и Буженинова;
Отечество во всех его пределах: Свидетельства эпохи;
Col·lecció:История Отечества в романах, повестях, документах
Matèries:
Format: MixedMaterials Llibre
KOHA link:https://koha.lib.tpu.ru/cgi-bin/koha/opac-detail.pl?biblionumber=16139

MARC

LEADER 00000nam0a2200000 4500
001 16139
005 20231030190432.0
010 |a 5235000129 
035 |a (RuTPU)RU\TPU\book\16261 
035 |a BOOK00016331 
090 |a 16139 
100 |a 20011209d1988 m y0rusy50 ca 
101 0 |a rus 
102 |a RU 
105 |a y z 000zy 
200 1 |a Вслед подвигам Петровым..  |e Сборник 
210 |a Москва  |c Молодая гвардия  |d 1988 
215 |a 574 с.  |c ил. 
225 1 |a История Отечества в романах, повестях, документах  |i Век XVIII 
464 |t Верховники  |o роман  |f С. Десятсков 
464 |t Квасник и Буженинова  |o Повесть  |f Ю. Нагибин 
464 |t Отечество во всех его пределах: Свидетельства эпохи 
610 1 |a история 
610 1 |a Россия 
610 1 |a дворцовые перевороты 
610 1 |a культура 
610 1 |a общественно-политические отношения 
675 |a Р2  |v 3 
801 0 |a RU  |b 63413507  |c 20011209  |g PSBO 
801 2 |a RU  |b 63413507  |c 20200415  |g PSBO 
942 |c BK